000
00252nam a2200109Ia 4500
008
190902s9999||||xx |||||||||||||| ||und||
100
_a
Shamshad Fakir
245
0
_a
Baadobaran
260
_a
Lahore
_b
Kamal Haq Siddiqui
_c
2003
300
_a
216
942
_c
BK
999
_c
2921
_d
2921